Les 5 Capitales les plus proches de Dublin, Londres, Bruxelles, Amsterdam et Luxembourg - Statistiques

Statistiques générales
  • Ce quiz a été pris 346 fois
  • Le résultat moyen est 8 sur 9
Statistiques - réponses
Réponse % Correct
Paris
100%
Berlin
98%
Bruxelles
98%
Londres
98%
Amsterdam
97%
Luxembourg
97%
Berne
92%
Dublin
91%
Vaduz
69%
Aucun quiz correspondant
Distribution des résultats
% des personnes avec chaque résultat
Percentile par nombre de réponses
Votre historique - résultats
Vous n’avez pas pris ce quiz